[Event "Leiden SB-ch"]
[Site "Leiden"]
[Date "2007.06.26"]
[Round "7"]
[White "Wagemans, Ed"]
[Black "Van Dorp, Teun"]
[Result "1-0"]
[WhiteElo "1835"]
[BlackElo "1723"]
[PlyCount "55"]
[EventDate "2007.05.15"]
[EventType "swiss"]
[EventRounds "7"]
[EventCountry "NED"]
[SourceTitle "EXT 2012"]
[Source "ChessBase"]
[SourceDate "2011.11.24"]
[SourceVersion "1"]
[SourceVersionDate "2011.11.24"]
[SourceQuality "1"]

1. e4 g6 2. d4 Bg7 3. Nc3 c5 4. d5 d6 5. Nf3 Bd7 6. Be2 Na6 7. 0-0 Nc7 8. a4 a6 9. a5 Nb5 10. Nxb5 axb5 11. Bf4 Rxa5 12. Rxa5 Qxa5 13. e5 dxe5 14. Nxe5 Nh6 15. Nxd7 Kxd7 16. d6 e6 17. Qd2 Qxd2 18. Bxb5+ Kc8 19. Bxd2 Nf5 20. d7+ Kc7 21. Rd1 b6 22. b4 Ra8 23. bxc5 Bf6 24. Bb4 Nd4 25. cxb6+ Kxb6 26. Bd3 Rd8 27. Rb1 Ka7 28. Bc5+ 1-0

[Event "Leiden SB-ch"]
[Site "Leiden"]
[Date "2003.07.01"]
[Round "7"]
[White "Van Dorp, Teun"]
[Black "Poncin, Peter"]
[Result "0-1"]
[WhiteElo "1767"]
[BlackElo "1974"]
[PlyCount "58"]
[EventDate "2003.05.20"]
[EventType "swiss"]
[EventRounds "7"]
[EventCountry "NED"]
[SourceTitle "CBM 095 Extra"]
[Source "ChessBase"]
[SourceDate "2003.09.04"]
[SourceVersion "1"]
[SourceVersionDate "2003.09.04"]
[SourceQuality "1"]

1. e4 c5 2. Nf3 d6 3. d4 cxd4 4. Nxd4 Nf6 5. Qd3 g6 6. c4 Bg7 7. Nc3 0-0 8. Be2 Nc6 9. a3 Nxd4 10. Qxd4 Be6 11. 0-0 Nd5 12. Qd3 Nxc3 13. bxc3 Rc8 14. Qg3 Bxc4 15. Bxc4 Rxc4 16. Bd2 Rxe4 17. Rab1 b6 18. f4 e6 19. Qd3 Ra4 20. c4 d5 21. Bb4 Re8 22. Qb3 Qd7 23. cxd5 exd5 24. Rbd1 d4 25. Rfe1 a5 26. Rxe8+ Qxe8 27. Re1 Qc6 28. Re7 Qc1+ 29. Re1 Rxb4 0-1

[Event "Leiden SB-ch"]
[Site "Leiden"]
[Date "2003.06.03"]
[Round "3"]
[White "Van Vliet, Jeffrey"]
[Black "Van Dorp, Teun"]
[Result "1-0"]
[WhiteElo "2105"]
[BlackElo "1767"]
[PlyCount "41"]
[EventDate "2003.05.20"]
[EventType "swiss"]
[EventRounds "7"]
[EventCountry "NED"]
[SourceTitle "CBM 095 Extra"]
[Source "ChessBase"]
[SourceDate "2003.09.04"]
[SourceVersion "1"]
[SourceVersionDate "2003.09.04"]
[SourceQuality "1"]

1. e4 c5 2. Nc3 Nc6 3. g3 g6 4. Bg2 Bg7 5. d3 Rb8 6. f4 b5 7. Nf3 e6 8. 0-0 Nge7 9. e5 d6 10. Ne4 dxe5 11. fxe5 Nxe5 12. Bf4 Nxf3+ 13. Qxf3 Qd4+ 14. Kh1 e5 15. Be3 Nf5 16. Bxd4 cxd4 17. g4 Nh6 18. Nd6+ Ke7 19. Nxc8+ Rhxc8 20. g5 Nf5 21. Bh3 1-0

[Event "Leiden SB-ch"]
[Site "Leiden"]
[Date "2003.05.20"]
[Round "1"]
[White "Van Dorp, Teun"]
[Black "Volders, Wessel"]
[Result "1/2-1/2"]
[WhiteElo "1767"]
[BlackElo "1925"]
[PlyCount "50"]
[EventDate "2003.05.20"]
[EventType "swiss"]
[EventRounds "7"]
[EventCountry "NED"]
[SourceTitle "CBM 095 Extra"]
[Source "ChessBase"]
[SourceDate "2003.09.04"]
[SourceVersion "1"]
[SourceVersionDate "2003.09.04"]
[SourceQuality "1"]

1. e4 c5 2. Nf3 e6 3. d4 cxd4 4. Nxd4 Nc6 5. Nb5 a6 6. Nd6+ Bxd6 7. Qxd6 Qe7 8. Qxe7+ Ngxe7 9. Nc3 Nb4 10. Kd1 d5 11. a3 Nbc6 12. exd5 exd5 13. Bf4 Bf5 14. Kd2 d4 15. Na4 b5 16. Nc5 0-0 17. Bd3 Bxd3 18. Nxd3 Nd5 19. Bg3 Rfe8 20. Rhe1 f6 21. Nc5 a5 22. Rxe8+ Rxe8 23. Re1 Rxe1 24. Kxe1 Kf7 25. Kd2 Ke7 1/2-1/2